Almanaque del ministerio de agricultura para el año 1933 /

Guardado en:
Autor Corporativo: Ministerio de agricultura
Formato: Libro
Idioma:Spanish
Publicado: Buenos Aires : Ministerio de agricultura, 1933.
Materias:
Etiquetas: Agregar Etiqueta
Sin Etiquetas, Sea el primero en etiquetar este registro!
LEADER 00631nam a22001935a 4500
001 EUN.um064358
003 AR-BaUNS
005 20050623122929.0
008 041125s1933####ag#a##########000#0#spa#d
245 1 0 |a Almanaque del ministerio de agricultura para el año 1933 /  |c Ministerio de agricultura. 
260 |a Buenos Aires :  |b Ministerio de agricultura,  |c 1933. 
300 |a 512 p. :  |b ilus. ;  |c 22,5 cm. 
082 0 4 |a 630.982 
082 0 4 |a 060 
653 |a Agricultura 
653 |a Argentina 
653 |a Almanaques 
110 2 |a Ministerio de agricultura  |c Argentina. 
859 |a Ar-BaUNS  |b BIB. CENTRAL - Sector C  |h 630.982  |i Ar37-1  |p 55004/970  |v 1933